MDQL
is popping MORE tags! Check the
thread
!
Quizzes
Events
Quiz Creation
Community
Videos
Private Events
Remove Ads
Sign In
Join for FREE
Feedback
Dark Mode
Quiz Categories
Sports
Geography
Music
Movies
Television
Just For Fun
Miscellaneous
History
Literature
Language
Science
Gaming
Entertainment
Religion
Holiday
For Kids
Quiz Lab
Recent
Popular Today
Quiz Kudos Today
Editor Picks
Curator Picks
Quizzes by...
Day
Popularity
Type
Ratings
Length
Year
Community
Subscriptions
Recent Discussions
Orange Saloon
Badges
Playlists
Quests
Create
Leaderboards
Showdown
Live 5
Trivia Bingo
Activity
Puzzle Library
Sporcle Events
Private Events
Virtual Trivia
Globe League
Become a Host
Pub Owners
SporcleCon
Opinionation
Our Games
Videos
Blog
Mobile Apps
Partnerships
Remove Ads and Go Orange
Feedback
Geography
Country
Landmarks
City
State
Population
World
Capital
Continent
Flags
Europe
Africa
Asia
South America
North America
Oceania
Border
Canada
United Kingdom
Topography
United States
Geography
Country
Landmarks
City
State
Population
World
Capital
Continent
Flags
Europe
Africa
Asia
South America
North America
Oceania
Border
Canada
United Kingdom
Topography
United States
Random Quiz
Search Sporcle
×
Featured
Featured
Geography
Africa
Type in answers that appear in a list
Type in answers that appear in a list
Classic
Best Score? Go Orange.
The Ghana Quiz Stats
Can you name the facts about Ghana?
By
European11
7m
34 Questions
24.9K Plays
24,940 Plays
24,940 Plays
Comments
Comments
Give Quiz Kudos
Give Quiz Kudos
-
- Ratings
hide this ad
Replay
Link that replays current quiz
Next Quiz
Link to next quiz in quiz playlist
You Got
0%
They Got
Avg Score
61%
Avg Friend Score
Upgrade to see
Score Distribution
Jump to the score distribution portion of the page
Score
0/34
Timer
07:00
0
Plays Today
Hints
Answers
% Correct
Flag Color
Red
97.1%
Flag Color
Green
96.6%
Flag Color
Yellow
96.1%
Flag Color
Black
94.5%
Internet Country Code
.gh
92.4%
Drives on the...
Right
86.1%
Continent
Africa
85.7%
Lowest Point (0 m)
Atlantic Ocean
84.2%
Most Popular Sport
Soccer
84%
Largest Religion
Christianity
83.7%
Bordering Ocean
Atlantic Ocean
83.6%
Age of Suffrage
18
81.5%
Bordering Country
Togo
80.4%
Official Name
Republic of Ghana
80.3%
Independence From
United Kingdom
77.9%
Official Language
English
76.8%
Capital
Accra
76.8%
Hints
Answers
% Correct
Bordering Country
Côte d'Ivoire
76.5%
Largest City
Accra
76.4%
Bordering Country
Burkina Faso
72.3%
Demonym
Ghanaian
70.3%
Independence Year
1957
47.8%
Bordering Gulf
Gulf of Guinea
46.9%
Currency
Ghana Cedi
27.2%
Largest Lake
Lake Volta
25.6%
Longest River
Volta River
25%
Second Largest City
Kumasi
24.4%
Meaning of 'Ghana'
Warrior King
23.6%
Independence Day
March 6th
22.1%
President
Nana Akufo-Addo
21.9%
Motto
Freedom and Justice
20.9%
Anthem
God Bless Our Homeland Ghana
20%
Vice President
Mahamudu Bawumia
19.1%
Highest Point (885 m)
Mount Afadja
11%
Quiz Playlist
Details
Report
Send in Message
Add To Playlist
Classic:
Type in answers that appear in a list
Last Updated: Feb 13, 2020
Featured
Quiz Scoreboard
CHALLENGE
Sign Up to Join the Scoreboard
Show All
Scores
Hide
Comments
May contain spoilers
Recently Published
5x2 Blitz: Bands
by SL_Kpop136
Music
30s
Colored Red Africa Blitz
by spor1
Geography
30s
Find the 'City' Movie
by crazypaving
Movies
60s
More to Explore
Quiz From the Vault
Featured Blog Post
14 Easter Pick-up Lines to Find Eggs With
hide this ad
You Might Also Like...
Tags
Africa Quiz
Country Quiz
Ghana
West Africa
Today's Top Quizzes in Geography
Browse Geography
hide this ad
Today's Top Quizzes in Africa
Browse Africa
Top Contributed Quizzes in Geography
1
Countries of the World - No Outlines Minefield
2
Colored Red Europe Blitz I
3
Colored Red Africa Blitz II
4
Colored Red Europe Blitz II
5
Colored Red Europe Blitz III
6
Colored Red Africa Blitz III
7
Colored Red States Blitz I
8
Colored Red States Blitz II
9
Colored Red States Blitz III
10
Blind Secret Country CLXXXIX
Explore More
Trending Topics
Crossword
Kpop
Disney
Marvel
NBA
Anime
Harry Potter
The Office
Puzzle
NFL
WWE
Country
Song
Pokémon
Soccer
hide this ad
More By:
European11
Quiz
Plays
Rating
Category
Featured
Created
The Ghana Quiz
24,940
4.63
Geography
Jun 23, 2011
Territory Quiz: Puerto Rico
809
4.13
Geography
Aug 15, 2011
Country Quiz: The Gambia
380
4.29
Geography
Jun 21, 2011
25 Most Valuable Companies
374
5.00
Just For Fun
Aug 14, 2011
Former Soviet Republics By GDP (PPP)
354
4.57
Geography
Jul 4, 2011
Go to Creator's Profile
Score Distribution
Quiz Creator Spotlight
European11
Follow
Send a Message
Quizzes Created
-
Created Quiz Play Count
-
More By This Creator
Popular Quizzes Today
1
Find the 'City' Movie
2
5x2 Blitz: Bands
3
Colored Red Africa Blitz
4
Find the US States - No Outlines Minefield
5
The Countries of the World
6
Find the US States
7
9x9 Crossword: Cartoon Network
8
US States
More Geography Quizzes
State Quiz: Illinois
Published
Trending Quizzes
Colored Red Europe Blitz I
Colored Red Africa Blitz II
Colored Red Europe Blitz III
Colored Red Europe Blitz II
Colored Red Africa Blitz III
Recently Updated
Champions League XIs: Real Madrid
pecheneg
Largest US Cities 1790-2010
pecheneg
Rides in Walt Disney World
pecheneg
Most Oscar Losses (Acting)
pecheneg
Beyoncé Albums
pecheneg
Leaping Animals
pecheneg
Reality TV Shows (A-Z)
bhenderson79
Rickey Henderson's Hall of Fame Teammates
pecheneg
Champions League XIs: Arsenal
pecheneg
Quick Pick: Celebrities in WWE's Hall of Fame
aduchscher
Trending Topics
NBA
Kpop
Anime
Crossword
Disney
Marvel
Harry Potter
NFL
Song
Soccer
WWE
The Office
Puzzle
Pokémon
Country
Your Account Isn't Verified!
In order to create a playlist on Sporcle, you need to verify the email address you used during registration. Go to your
Sporcle Settings
to finish the process.
Report this User
Report this user for behavior that violates our
Community Guidelines
.
Details:
Send Report
Go to the Sporcle.com Mobile Site →
Comments